000 00536nam a2200181Ii 4500
003 JO-AjNU
008 230606s9999||||xx |||||||||||||| ||und||
040 _aJO-AjNU
_beng
_erda
_cJO-AjNU
041 _aeng
050 1 4 _aHQ1588 1976
245 0 0 _aWomen in Socialist Society
264 3 1 _aMoscow: council for mutual economic assistance secretariat,1976
300 _a145p
336 _atext
_btxt
_2rdacontent
337 _aunmediated
_bn
_2rdamedia
338 _avolume
_bnc
_2rdacarrier
650 4 _aWomen in Socialist Society
_92917
999 _aE1528
_c1528
_d1528